000 01234nam a2200349 a 4500
001 000111879
003 CHAP
005 20240508144144.0
008 150928s2005 mx a |r ||1|||spa d
010 _a108340
011 _a109312
020 _a978-968-16-7855-5 (FCE)
020 _a9789703216437 (UNAM)
040 _cCHAP
082 0 4 _a582.160913
_bP4 2005
100 0 0 _aPennington, T. D.
_986705
245 1 0 _aÁrboles tropicales de México :
_bmanual para la identificación de las principales especies /
_cpor Terence D. Pennington y José Sarukhan.
250 _a3 ed.
260 _aMéxico, D.F. :
_bUNAM.
_bFondo de Cultura Económica,
_c2005.
300 _a523 p. :
_bil.
_e; + 1 CD (4 3/4 plgs)
490 1 _aEdiciones cientificas universitarias. Serie texto cientifico universitario
504 _aIncluye bibliografía glosario e índice
590 _aE5995AHE
_b05
_c20150928
590 _aE5995AHE
_b05
_c20150928
650 1 4 _aÁrboles tropicales.
_982448
650 1 4 _aÁrboles
_xMéxico.
_96625
700 0 _aSarukhán Kermez, José.
_9102673
830 0 _aEdiciones cientificas universitarias. Serie texto cientifico universitario
_9129874
901 _aBK
942 _cLIBRO
_2ddc
942 _n0
_2ddc
999 _c108340
_d108340